|
|
|
|
| LEADER |
00803nta a2200205 i 4500 |
| 001 |
dipl63449 |
| 005 |
20221021112422.0 |
| 008 |
221020s2011 hu om 0|| hun d |
| 040 |
|
|
|a SZTE Diploma Repozitórium
|b hun
|
| 041 |
|
|
|a hun
|
| 100 |
1 |
|
|a Erdei Orsolya
|
| 245 |
1 |
2 |
|a A gyermek jogainak védelme az ENSZ Gyermekjogi Egyezménye fényében
|h [elektronikus dokumentum] /
|c Orsolya Erdei
|
| 246 |
1 |
0 |
|a The defence of children's rights in the light of the Convention on the Rights of the Child
|h [elektronikus dokumentum]
|
| 260 |
|
|
|c 2011
|
| 650 |
|
4 |
|a Jogi és igazgatási tanulmányok
|
| 650 |
|
4 |
|a Social sciences
|
| 650 |
|
4 |
|a Law
|
| 700 |
0 |
1 |
|a Schiffner Imola
|e ths
|
| 700 |
0 |
1 |
|a Blutman László
|e ths
|
| 856 |
4 |
0 |
|u https://diploma.bibl.u-szeged.hu/id/eprint/63449/1/2011_erdei_orsolya.pdf
|z Dokumentum-elérés
|